000 00544nam a2200193 a 4500
005 20140310183553.0
008 111018s19uu xx 00 eng d
020 _a9781412974257
050 _aLB 1028.43
_b.N69 2010
100 _aNovember, Alan
245 _aEmpowering students with technology /
_cAlan November.
250 _a2nd ed.
260 _aCalifornia :
_bCorwin,
_c2010.
300 _a115 p. :
_c25 cm.
521 _aEDU
650 _aComputer - assisted instruction
_xUnited States
942 _cBK
_2lcc
_kFOR
999 _c24981
_d24981